Erase una vez don quijote : primera parte del quijote /
Guardado en:
| Autor Principal: | |
|---|---|
| Otros Autores: | , |
| Formato: | Libro |
| Publicado: |
Buenos Aires :
Vicens Vives,
2013
|
| Series: | Primaria
|
| Materias: | |
| Etiquetas: |
Agregar Etiqueta
Sin Etiquetas, Sea el primero en etiquetar este registro!
|
| LEADER | 01083nam a22002655a 4500 | ||
|---|---|---|---|
| 001 | CEM.cems015496 | ||
| 008 | 130507s2013##################000#0#####d | ||
| 005 | 20211015151500.0 | ||
| 003 | CEMS | ||
| 245 | 1 | 0 | |a Erase una vez don quijote : |b primera parte del quijote / |c Miguel de Cervantes Saavedra ; adaptado Por Agustín Sánchez Aguilar ; ilustrado Por Nivio López Vigil. |
| 260 | |a Buenos Aires : |b Vicens Vives, |c 2013 | ||
| 300 | |a 112 p. | ||
| 490 | 0 | |a Primaria | |
| 505 | 0 | |a ¡Temblad, gigantes del mundo! -- Dulcinea no tiene ojos de sapo -- La noche de los líos -- La guerra de los rebaños -- Misión en Micomicón -- Don Quijote viaja en jaula | |
| 020 | |a 9789871291540 | ||
| 100 | 1 | |a Cervantes Saavedra, Miguel de | |
| 700 | 1 | |a Sánchez Aguilar, Agustín; adap. | |
| 700 | 1 | |a López Vigil, Nivio; il. | |
| 082 | 0 | 4 | |a 863.3 |
| 653 | |a Literatura | ||
| 653 | |a Literatura española | ||
| 653 | |a Literatura infantil | ||
| 653 | |a Cuentos infantiles | ||
| 653 | |a Colección ciencias de la educación | ||
| 859 | |a CEMS |b BIB. CEMS - Ccias. Educacion |h 863.3 |i C337 |k CE |p 28946.19 |t Ej.1 | ||
